000 00759nam a2200265Ia 4500
003 OSt
005 20220918164946.0
006 a|||||r|||| 00| 0
007 ta
008 220917b |||||||| |||| 00| 0 eng d
020 _a0826303463 (hbk)
024 _a21,555
037 _cTextual
040 _aARTS
_cARTS
_beng
041 _2eng
_aeng
082 _aR3xJ96:g, L4
100 _aO'Neil Brian E
_921930
245 0 _aEpistemological direct realism in descartes' philosophy
260 _aAlbuquerque
_bUniv Of New Mexico Press
_c1974
300 _av,112p.
_ccm.
500 _aBibliography 107-109p; Includes index
650 _aMETAPHYSICS
_913358
942 _hR3xJ96:g, L4
_cTEXL
_2CC
999 _c127646
_d127646